| 000 | 00440cam a2200181 4500 | ||
|---|---|---|---|
| 001 | D12589 | ||
| 008 | 090401t1933 xxu||||| |||| 00| 0 eng d | ||
| 035 | _a(Sirsi) u4474 | ||
| 041 | _aeng | ||
| 100 | _aDavies, B Price | ||
| 245 | _aPricing for buildings and public works | ||
| 250 | _a2nd | ||
| 260 |
_aCardiff _bThe Building Estimator Publications _c1933 |
||
| 350 | _a0 | ||
| 520 | _aShelf 153 | ||
| 942 | _n0 | ||
| 948 | _c04/03/1997 | ||
| 999 |
_c86029 _d86029 |
||